000 00649nam a2200181u 4500
001 000019079
005 20200929165920.0
008 810211s1963 ve r 000 0 spa
040 _aDO-SdBNP
_bspa
_cBNPHU
082 _axxxx
_bxxxx
245 0 0 _aActas del Cabildo Eclesiastico de Caracas : /
_ccompendio cronológico 1771-1808.
260 _aCaracas :
_bAcademia Nacional de la Historia,
_c1963.
300 _av. ;
_c22 cm.
490 1 _aBiblioteca de la academia Nacional de la Historia
_v65
500 _aLa biblioteca posee el vol. II
590 _aInventariado, 2019/BT
830 0 _aBiblioteca de la academia Nacional de la Historia
_n65
_941054
999 _c18597
_d18597